Statistics for The Ultimate Shark Quiz

Click here to take the quiz!

General Stats

  • This quiz has been taken 15 times
  • The average score is 9 of 22

Answer Stats

HintAnswer% Correct
Strangely shaped headHammerhead shark
100%
Often swims up riversBull shark
100%
JawsGreat white shark
92%
Largest sharkWhale shark
92%
"Garbage can of the sea"Tiger shark
83%
Liver can weigh 1 tonneBasking shark
67%
Fastest sharkShortfin mako
58%
Can survive two months without foodBlue shark
33%
Jaws can propel forwardsGoblin shark
33%
Often mistaken for a rayAngel shark
25%
Often mistaken for abovePort jackson shark
25%
Camouflaged like coralWobbegong
25%
Has large pectoral finsOceanic Whitetip
25%
Can survive for 18 hours out of waterEpaulette shark
17%
Can puff up to three times its body sizeSwell shark
17%
..... WhalerBronze
17%
Gestation period of three yearsFrilled shark
17%
Has the strongest bite for its body sizeCalifornian horn shark
8%
Large groups around French PolynesiaGrey reef shark
8%
Pulls eyes into sockets when threatenedBlind shark
8%
Can live up to 75 yearsTope shark
8%
Curls up to avoid dangerShy shark
8%

Score Distribution

Percentile by Number Answered

Percent of People with Each Score

Your Score History

You have not taken this quiz